000 00541cam a22002171i 4500
001 sa 68016769
003 DLC
005 20260227112657.0
008 830712s1961 io b 000 0 ind
010 _asa 68016769
035 _a(OCoLC)9694601
040 _aDLC
_cOAU
_dDLC
042 _apremarc
050 0 0 _aBP166.2
_b.J3
100 1 _aJafizham, T.
245 1 0 _aTauhid /
_coleh T. Jafizham.
260 _a[Medan :
_bPertj. Mestika,
_c1961?]
300 _a48 p. ;
_c21 cm.
504 _aBibliography: p. 47.
650 0 _aGod (Islam)
999 _c87297
_d87297